Creating effective software : computer program design using the Jackson methodology /
Guardado en:
| Autor Principal: | |
|---|---|
| Formato: | Libro |
| Idioma: | English |
| Publicado: |
Englewood Cliffs, N.J. :
Yourdon Press,
c1988.
|
| Series: | Yourdon Press computing series
|
| Materias: | |
| Etiquetas: |
Agregar Etiqueta
Sin Etiquetas, Sea el primero en etiquetar este registro!
|
| LEADER | 00747pam a2200217 a 4500 | ||
|---|---|---|---|
| 001 | MAT.inmabb004910 | ||
| 008 | 870526s1988####njua#####b####001#0#eng## | ||
| 005 | 20160608151422.0 | ||
| 245 | 1 | 0 | |a Creating effective software : |b computer program design using the Jackson methodology / |c David King. |
| 260 | |a Englewood Cliffs, N.J. : |b Yourdon Press, |c c1988. | ||
| 300 | |a xix, 246 p. : |b il. ; |c 25 cm. | ||
| 440 | 0 | |a Yourdon Press computing series | |
| 504 | |a Bibliografía: p. 238. | ||
| 020 | |a 0131892428 | ||
| 100 | 1 | |a King, David, |d 1940- | |
| 650 | 0 | |a Computer software |x Development. | |
| 650 | 0 | |a Jackson structured programming. | |
| 084 | |a 68Nxx |2 msc2000 | ||
| 010 | |a 87014474 | ||
| 040 | |a DLC |c DLC |d DLC | ||
| 859 | |h 68 |i K52 |p A-6171 |b BIB. MATEMATICA | ||
